LEADER 00694nab a2200133 i 4500 001 000000323749 003 CaOOAMICUS 005 20180831173430.0 008 180831n it uu u0 0ita r 013 $a34117 040 $aSeMil$bita 245 10$aMaestro, testimone e intercessore. A ricordo di Padre Giuseppe Zanoni riportiamo l'omelia tenuta dal cardinale Arcivescovo durante le esequie... - In [rubrica] :$bAssociazione. 773 0 $t[GIUGNO-LUGLIO 2001]. - 32 p.$gp.12-14$w()282936 996 $6245$aMaestro, testimone e intercessore. A ricordo di Padre Giuseppe Zanoni riportiamo l'omelia tenuta dal cardinale Arcivescovo durante le esequie... - In [rubrica] :$bAssociazione.$9(OLS)http://semarc/title/397134 LEADER 00526nab a2200133 i 4500 001 000000325786 003 CaOOAMICUS 005 20180831173509.0 008 180831n it uu u0 0ita r 013 $a36858 040 $aSeMil$bita 245 10$aBiennio Teologico. La settimana di animazione pastorale. - In [rubrica] :$bNotizie dai Seminari. 773 0 $t[MARZO 1999]. - 24 p.$gp.12-13$w()288214 996 $6245$aBiennio Teologico. La settimana di animazione pastorale. - In [rubrica] :$bNotizie dai Seminari.$9(OLS)http://semarc/title/398926